Movies Quiz

Random Movies or Word Play Quiz

Two-Word Movies by Literal Image Quiz Stats

 Plays Quiz Updated Mar 13, 2018

Challenge
Share
Tweet
Score 0/20 Timer 05:00
1 Play Today
% Correct
Iron Man (2008)
99%
Fight Club (1999)
95.7%
Safe House (2012)
92.7%
Broken Arrow (1996)
91.1%
Money Train (1995)
90%
Rain Man (1988)
89.2%
Top Gun (1986)
84.3%
Pearl Harbor (2001)
82.9%
Blade Runner (1982)
82.3%
Dirty Harry (1971)
81.8%
% Correct
Star Wars (1977)
77.6%
Treasure Planet (2002)
76.1%
Twelve Monkeys (1995)
75.7%
Blazing Saddles (1974)
74%
Taxi Driver (1976)
68.9%
Dark City (1998)
64%
Face/Off (1997)
61%
Space Cowboys (2000)
58.2%
Flash Gordon (1980)
55.8%
Hotel Rwanda (2004)
44.8%

You're not logged in!

Compare scores with friends on all Sporcle quizzes.
Join for Free
OR
Log In

You Might Also Like...

Show Comments

Extras

Top Quizzes Today


Score Distribution

Your Account Isn't Verified!

In order to create a playlist on Sporcle, you need to verify the email address you used during registration. Go to your Sporcle Settings to finish the process.

Report this User

Report this user for behavior that violates our Community Guidelines.

Details: